<?xml version="1.0" encoding="UTF-8"?><?xml-stylesheet type="text/xsl" href="static/style.xsl"?><OAI-PMH xmlns="http://www.openarchives.org/OAI/2.0/" xmlns:xsi="http://www.w3.org/2001/XMLSchema-instance" xsi:schemaLocation="http://www.openarchives.org/OAI/2.0/ http://www.openarchives.org/OAI/2.0/OAI-PMH.xsd"><responseDate>2026-04-27T19:56:46Z</responseDate><request verb="GetRecord" identifier="oai:uvadoc.uva.es:10324/25643" metadataPrefix="marc">https://uvadoc.uva.es/oai/request</request><GetRecord><record><header><identifier>oai:uvadoc.uva.es:10324/25643</identifier><datestamp>2021-06-29T19:06:06Z</datestamp><setSpec>com_10324_38</setSpec><setSpec>col_10324_852</setSpec></header><metadata><record xmlns="http://www.loc.gov/MARC21/slim" xmlns:doc="http://www.lyncode.com/xoai" xmlns:xsi="http://www.w3.org/2001/XMLSchema-instance" xmlns:dcterms="http://purl.org/dc/terms/" xsi:schemaLocation="http://www.loc.gov/MARC21/slim http://www.loc.gov/standards/marcxml/schema/MARC21slim.xsd">
<leader>00925njm 22002777a 4500</leader>
<datafield tag="042" ind1=" " ind2=" ">
<subfield code="a">dc</subfield>
</datafield>
<datafield tag="720" ind1=" " ind2=" ">
<subfield code="a">Pastor Alonso, David</subfield>
<subfield code="e">author</subfield>
</datafield>
<datafield tag="260" ind1=" " ind2=" ">
<subfield code="c">2017</subfield>
</datafield>
<datafield tag="520" ind1=" " ind2=" ">
<subfield code="a">El objetivo de este trabajo consiste en estudiar la combustión de metano en el quemador usado en el experimento de Roback y Johnson [Roback, 1983] mediante:&#xd;
- Estudio de los patrones de flujo a lo largo del quemador y visualizar las diferencias entre los casos reactivos y no reactivos.&#xd;
- Análisis de la influencia modelo de combustión y elección de uno como válido para las simulaciones.&#xd;
- Estudio de la influencia de diferentes tipos de aditivos sobre los patrones de flujo y sobre la combustión.&#xd;
- Estudio de la influencia del dosado de la mezcla sobre los patrones de flujo y sobre la combustión.</subfield>
</datafield>
<datafield tag="024" ind2=" " ind1="8">
<subfield code="a">http://uvadoc.uva.es/handle/10324/25643</subfield>
</datafield>
<datafield ind1=" " ind2=" " tag="653">
<subfield code="a">Máquinas - Diseño</subfield>
</datafield>
<datafield tag="245" ind1="0" ind2="0">
<subfield code="a">Estudio de la combustión en un quemador de flujo rotante variando la estequiometría, dosado y modelos de combustión.</subfield>
</datafield>
</record></metadata></record></GetRecord></OAI-PMH>